000 00731nam a2200241Ia 4500
003 OSt
005 20220926030740.0
006 a|||||r|||| 00| 0
007 ta
008 220923b |||||||| |||| 00| 0 eng d
020 _a0 86131 960 5
037 _cGeneral Book
040 _aRTL
_cRTL
_beng
041 _2eng
_aeng
082 _aX:77, M8/TD3
100 _aChakravarty Sukhamoy
_9128810
245 0 _aDevelopment of development thinking
260 _aPune
_bGokhale Institute
_c1988
300 _a28p.
_ccm.
490 _aR R Kale memorial lecture. Gokhale Institute of Politics and Economics Publications
942 _hX:77, M8/TD3
_cGB
_2CC
999 _c650605
_d650605